000 00608nam a22001817a 4500
999 _c191075
_d191075
005 20220818120016.0
010 _aB-745339
020 _a9789389807967
_c150.00
035 _aB-745339
037 _bDiamond Books
100 _aCarnegie, Dale
245 _aHow to STOP Worrying & START LIVING /
_cDale Carnegie
260 _aNew Delhi
_bDiamond Books
_c2021
270 _aX-30, Okhla Industrial Area, Phase-II
_bNew Delhi
_e110020
_msales@dpb.in
300 _a278p.
_c20cm(pbk)
942 _2ddc
_cEN
_mCAR
_h158.1